000 00557 a2200181 4500
001 066221
003 OSt
005 20210915153942.0
008
082 _a006.312
_bW18D
100 1 _aWang, Lipo
245 1 _aData mining with computational intelligence
_cby Lipo Wang and Xiuju Fu
260 _aNew York
_bSpringer
_c2010
300 _a276p.
690 _aData mining; Knowledge acquisition (Expert systems); Artificial intelligence; Database management; Computer science
700 _aFu, Xiuju
942 _2ddc
_cBK
999 _c374
_d374